Relato del psicoanálisis de un niño: la conducción del psicoanálisis infantil ilustrada con el tratamiento de un niño de diez años
Uloženo v:
| Hlavní autor: | |
|---|---|
| Médium: | Kniha |
| Jazyk: | španělština |
| Vydáno: |
Barcelona
Paidós
1995
|
| Edice: | Obras Completas de Melaine Klein, 4
|
| Témata: | |
| Tagy: |
Přidat tag
Žádné tagy, Buďte první, kdo vytvoří štítek k tomuto záznamu!
|
MARC
| LEADER | 00000nam a2200000 a 4500 | ||
|---|---|---|---|
| 001 | UCI2807 | ||
| 003 | CL-VaPUC | ||
| 008 | 070928e19950000SP |||||||||||||||||spa|d | ||
| 020 | |a 8475095712 | ||
| 082 | 0 | 4 | |a 155.4 |b KLE |2 21 |
| 100 | 1 | |a Klein, Melanie |e author |9 307894 | |
| 245 | 1 | 0 | |a Relato del psicoanálisis de un niño: la conducción del psicoanálisis infantil ilustrada con el tratamiento de un niño de diez años |
| 300 | |a 460 p | ||
| 942 | |c BK | ||
| 945 | |d 20070928 00:00:00 |a rbrito | ||
| 260 | |a Barcelona |b Paidós |c 1995 | ||
| 650 | 0 | |a Psicología del niño |9 307305 | |
| 650 | 0 | |a Psicoanálisis |9 265702 | |
| 650 | 0 | |a Psicología del desarrollo |9 307541 | |
| 650 | 0 | |a Psicología clínica |9 307259 | |
| 650 | 7 | |a PSICOTERAPIA |2 CL-VaPUC |9 523974 | |
| 583 | |a last modification |c 20130107 12:37:12 |k Rodrigo Vera | ||
| 490 | 0 | |a Obras Completas de Melaine Klein, 4 | |
| 999 | |c 327230 |d 327228 | ||
| 952 | |0 0 |1 0 |4 0 |6 155_400000000000000_KLE_1995 |7 0 |8 R |9 409780 |a BIBEDU |b BIBEDU |c MCIRC |d 2019-11-22 |i 437441K |l 1 |o 155.4 KLE 1995 |p 437441K |r 2023-01-13 |s 2022-08-26 |w 2019-11-22 |y BK_R |k PSI | ||